000
00250nam a2200109Ia 4500
008
220624s9999 xx 000 0 und d
020
_a
0-7838-1197-7
082
_a
EFJEFF
100
_a
JEFFRIES,R
_9
136581
245
0
_a
DEATH TAKES TIME
942
_c
BK
_y
561
_z
John Tresidder
999
_c
683014
_d
683013